000
00305nam a22001337a 4500
003
SGT
020
_a
9780803957213
082
_a
362.2042
_b
F96L
100
_a
LEFEY, HARRIEF P.
245
_a
FAMILY CAREGIVING IN MENTAL ILLNESS
260
_a
LONDON
_b
SAGE PUB
_c
1996
300
_a
261
942
_2
ddc
_c
BK
999
_c
13908
_d
13908